000 01886cam a2200493 i 4500
001 14058
003 BD-JhCC
005 20240912101157.0
008 190404s2019 maua c 6 000 1 eng
020 _a9781328960016
020 _a9781328575494
020 _a9780358164746
035 _a(BD-JhCC)14058
040 _aDLC
_cDLC
_erda
_dDLC
041 _aenglish
050 0 0 _aPZ7.7.A354
_bCro 2019
082 0 0 _a741.5973
_23
_bALE 2015
084 _aJUV008000
_aJUV032020
_aJUV013070
_aJUV013060
_aJUV039030
_2bisacsh
100 1 _aAlexander, Kwame,
245 1 4 _aThe crossover /
_cKwame Alexander.
246 3 0 _aCross over
246 1 8 _aCross over :
_bgraphic novel
260 _aLondon:
_bAndersen Press;
_c2015.
300 _a237 p. :
_bcolor illustrations ;
_c22 cm.
520 _aFourteen-year-old twin basketball stars Josh and Jordan wrestle with highs and lows on and off the court as their father ignores his declining health.
600 1 1 _aAlexander, Kwame.
_tCrossover
650 1 _aGraphic novels.
650 1 _aNovels in verse.
650 1 _aBasketball
_vFiction.
650 1 _aTwins
_vFiction.
650 1 _aBrothers
_vFiction.
650 1 _aFathers and sons
_vFiction.
650 1 _aAfrican Americans
_vFiction.
650 7 _aJUVENILE FICTION / Comics & Graphic Novels / General.
650 7 _aJUVENILE FICTION / Sports & Recreation / Basketball.
650 7 _aJUVENILE FICTION / Family / Siblings.
650 7 _aJUVENILE FICTION / Family / Parents.
650 7 _aJUVENILE FICTION / Social Issues / Death & Dying.
655 0 _aGraphic novels.
700 1 _aAnyabwile, Dawud,
_d1965-
776 0 8 _iOnline version:
_aAlexander, Kwame, author.
_tCrossover
_dBoston ; New York : Houghton Mifflin Harcourt, [2019]
_z9780358128168
_w(DLC) 2019016648
942 _2ddc
_cBK
999 _c14058
_d14058